[Event "UZB-ch Women 2020"]
[Site "Tashkent"]
[Date "2020.03.15"]
[Round "5.1"]
[White "Abdusattorova, Bakhora"]
[Black "Khamdamova, Afruza"]
[Result "1-0"]
[WhiteElo "2094"]
[BlackElo "1809"]
[Annotator "TA"]
[PlyCount "77"]
[EventDate "2020.03.11"]
[EventType "tourn"]
[EventCountry "UZB"]
[SourceTitle "playchess.com"]
[Source "ChessBase"]
[SourceQuality "1"]

{[%evp 21,77,33,25,0,18,-1,25,7,7,10,11,12,8,-2,0,0,0,-8,0,0,10,0,0,0,27,23,16,14,14,14,18,26,16,23,78,-117,-103,-87,-75,-70,18,26,1006,1070,29990,29991,29991,29992,29992,29993,29993,29989,29989,29990,29990,29991,29991,29956]} 1. d4 Nf6 2. c4 e6 3. Nf3 d5 4. g3 dxc4 5. Bg2 Be7 6. O-O O-O 7. Qc2 a6 8. a4 c5 9. dxc5 Bxc5 10. Nbd2 Nc6 {is the legacy move (10...b5).} 11. Nxc4 Qe7 12. b3 {[#] E05: Open Catalan: 5 Nf3 Be7.} Bd7 $146 ({Predecessor:} 12... Nd5 13. Bb2 Rd8 14. Rac1 Ndb4 15. Qc3 Nd4 16. Nxd4 Bxd4 17. Qxd4 Rxd4 18. Bxd4 Nc6 19. Be3 e5 {½-½ (37) Aronian,L (2587)-Bick,J (2266) Ubeda 2000}) 13. Bb2 h6 14. Rad1 {White has an edge.} Rfd8 15. Nce5 Nb4 16. Qb1 Be8 17. Nd2 Rac8 18. Ne4 Nxe4 19. Qxe4 Nd5 20. Qg4 {aiming for Nc6!} Nf6 21. Qf3 Nd5 22. Ng4 f5 (22... h5 {with more complications.} 23. Ne5 f6 24. Nd3 Ba3 25. Bxa3 Qxa3 26. b4 Bf7) 23. Ne5 b5 24. e4 fxe4 25. Qxe4 bxa4 26. bxa4 Rb8 27. Qc2 Rdc8 {[#]} (27... Rbc8 $11 {keeps the balance.}) 28. Nc4 $2 {[#]} (28. Qe2 $1 $16 {keeps the pressure on.}) 28... Rb4 $1 $17 {[%cal Rb4c4] Threatens to win with ...Rxc4!} 29. Rxd5 {And now Nd6 would win.} exd5 30. Bxd5+ Kh8 (30... Bf7 $1 $15 31. Ne3 Rc7) 31. Qf5 $11 Rd8 $2 {[%mdl 8192] Black cannot hold the game after this.} (31... Rc6 $11) 32. Be4 $18 {[%csl Ge4][%cal Rf5h7]} Kg8 33. Qh7+ {White mates.} Kf8 34. Qh8+ Kf7 35. Qxg7+ Ke6 36. Qg4+ Kf7 {[#]} 37. Qg6+ $1 Kf8 38. Qxh6+ Kg8 39. Bf6 {Accuracy: White = 84%, Black = 62%.} 1-0

[Event "UZB-ch Women 2020"]
[Site "Tashkent"]
[Date "2020.03.15"]
[Round "5.2"]
[White "Omonova, Umida"]
[Black "Yakubbaeva, Nilufar"]
[Result "0-1"]
[WhiteElo "1852"]
[BlackElo "2265"]
[Annotator "TA"]
[PlyCount "98"]
[EventDate "2020.03.11"]
[EventType "tourn"]
[EventCountry "UZB"]
[SourceTitle "playchess.com"]
[Source "ChessBase"]
[SourceQuality "1"]

{[%evp 9,98,16,34,14,19,12,18,17,18,0,29,29,35,34,33,31,31,34,35,-6,-8,-14,-23,-59,0,0,0,0,0,0,16,0,11,12,36,19,26,23,16,18,18,25,18,0,0,0,0,-24,-39,-36,-39,-36,-45,-31,-21,-27,-29,-158,-173,-187,-171,-252,-242,-275,-268,-248,-256,-324,-335,-362,-388,-450,-306,-305,-294,-294,-294,-404,-360,-554,-510,-550,-550,-731,-713,-640,-625,-1206,-1172,-1475,-768]} 1. e4 c5 2. Nf3 d6 3. Bb5+ Bd7 4. Bxd7+ Qxd7 5. O-O g6 6. Re1 {B52: Sicilian: Moscow Variation with 3...Bd7.} Bg7 7. c3 Nf6 8. d4 {The position is equal.} O-O 9. Bg5 h6 10. Bxf6 Bxf6 11. dxc5 {[#]} dxc5 $146 ({Predecessor:} 11... Qb5 12. cxd6 Qxb2 13. e5 Bg7 14. dxe7 Re8 15. Nbd2 Qxc3 16. Ne4 Qc6 17. Rc1 Qe6 {1-0 (25) Tsolakidou,S (2279)-Hrescak,I (2022) Porec 2015}) 12. Qxd7 Nxd7 13. e5 Bg7 14. Na3 Nb6 15. Rad1 Rad8 16. b3 Nd7 ({Black should try} 16... Nd5 $15) 17. Kf1 $11 Nb8 18. Nc4 Nc6 19. a4 f6 20. Nfd2 f5 21. f4 Rd3 22. Re3 Rd5 23. Ke2 Rfd8 24. Nb2 g5 25. g3 e6 26. Ndc4 Rxd1 27. Nxd1 Ne7 28. Nd6 gxf4 29. gxf4 Nd5 {[%mdl 64] Double Attack} 30. Rf3 {[#]} Nxf4+ $1 {[%mdl 576] Remove Defender} 31. Rxf4 Bxe5 {[%mdl 64] Double Attack} 32. Nxb7 Rb8 33. Rh4 {Black continues to play with concentration.} (33. Rf3 $1 $11 {was the only way to keep the balance.} Rxb7 34. Re3 Bxh2 35. Rxe6) 33... Rxb7 $17 34. Rxh6 {[%mdl 4096] Endgame [#] KRB-KRN} Kf7 $1 ({Worse is} 34... Rxb3 35. Rxe6 Bxh2 36. Ra6 $11) 35. Kd3 (35. Ne3 {was called for.}) 35... Rxb3 $19 36. Kc4 Rb1 37. Nf2 Ra1 38. Kb3 Bg7 39. Rh3 e5 40. Nd3 {[#]} c4+ $1 {[%mdl 576] Decoy} 41. Kxc4 Rxa4+ 42. Kb5 Ra1 43. c4 e4 44. Nf4 (44. Nc5 $142) 44... Rf1 {Black is clearly winning.} 45. Nd5 Rf3 46. Rxf3 exf3 47. Ne3 f2 48. c5 Ke6 49. c6 Be5 {Accuracy: White = 55%, Black = 88%.} 0-1

[Event "UZB-ch Women 2020"]
[Site "Tashkent"]
[Date "2020.03.15"]
[Round "5.3"]
[White "Baymuratova, Sevara"]
[Black "Narzikulova, Gulhae"]
[Result "1-0"]
[WhiteElo "2153"]
[BlackElo "1837"]
[Annotator "TA"]
[PlyCount "67"]
[EventDate "2020.03.11"]
[EventType "tourn"]
[EventCountry "UZB"]
[SourceTitle "playchess.com"]
[Source "ChessBase"]
[SourceQuality "1"]

{[%evp 16,67,47,6,52,66,56,0,75,19,28,34,45,28,15,15,17,30,22,20,24,4,96,56,45,47,218,209,283,261,235,239,283,299,290,282,419,436,477,464,481,473,481,481,460,442,449,442,617,612,608,612,652,652]} 1. d4 Nf6 2. c4 c5 3. d5 e6 4. Nc3 exd5 5. cxd5 d6 6. e4 g6 7. h3 Bg7 8. Nf3 O-O 9. Be3 b5 {White should prevent ...b4. A70: Modern Benoni: 6 e4 g6 7 Nf3.} (9... Re8 10. Nd2 Nxe4 11. Ncxe4 f5 12. Be2 fxe4 13. Qc2 Bd4 14. Qb3 Qf6 15. Rb1 Bxe3 16. Qxe3 Qd4 17. Nc4 Qxe3 18. fxe3 {1-0 (42) Baymuratova,S (2118)-Narzikulova,G (1904) Tashkent 2017}) 10. e5 {[#]} Nfd7 $146 ({Predecessor:} 10... dxe5 11. Bxb5 Nbd7 12. O-O Rb8 13. Rb1 Qa5 14. a4 a6 15. Bc6 e4 16. Nd2 Ne5 17. Bf4 Nxc6 {1-0 (58) Del Rio de Angelis,S (2488)-Ivanisevic,I (2618) Barcelona 2019}) 11. exd6 (11. e6 $14) 11... Qb6 (11... b4 $11 {remains equal.} 12. Nb5 Na6) 12. Qc2 (12. Nxb5 $16 a6 13. Nc7) 12... a6 13. a4 Bb7 14. Rd1 b4 15. Ne4 $36 {[%mdl 2048] White has good play.} Re8 {[#] Threatens to win with ...f5.} 16. Be2 b3 17. Qc4 a5 $1 {aiming for ...Ba6.} (17... Bxb2 $6 18. Rb1 $16) 18. Nc3 {0-0 is the strong threat.} ({But not} 18. Bxc5 $2 Ba6 $19) (18. Nxc5 Rxe3 19. Nxb7 Re8 $17) 18... Qb4 (18... Ba6 $1 $11 {keeps the balance.} 19. Nb5 Bxb5 20. Qxb5 (20. axb5 a4 $11) 20... Bxb2) 19. O-O Ba6 $1 {[%cal Ra6c4]} 20. Nb5 Bxb5 $2 {[#] Black cannot hold the game after this.} (20... Qxc4 $14 21. Bxc4 Nb6 22. Bxb3 Bxb5 23. axb5 N8d7) 21. Qxb5 $18 Bf8 22. Bd2 Qxb5 23. Bxb5 Bxd6 24. Bc3 Rd8 25. Rfe1 Ra7 (25... Nb6 $142 26. Nd2 c4 27. Nxc4 (27. Bxc4 Nxa4 28. Bf6 Rc8 $18) 27... Nxc4) 26. Nd2 f6 {White is clearly winning.} 27. Nxb3 Be5 28. Bxa5 Rc8 29. Bc3 c4 30. Nd4 Nb6 31. Ne2 Nxa4 32. Bxe5 fxe5 33. Ra1 Rc5 34. Rxa4 {Accuracy: White = 85%, Black = 45%.} 1-0

[Event "UZB-ch Women 2020"]
[Site "Tashkent"]
[Date "2020.03.15"]
[Round "5.4"]
[White "Kurbonboeva, Sarvinoz"]
[Black "Saparova, Sitora"]
[Result "0-1"]
[WhiteElo "2234"]
[BlackElo "1972"]
[Annotator "TA"]
[PlyCount "90"]
[EventDate "2020.03.11"]
[EventType "tourn"]
[EventCountry "UZB"]
[SourceTitle "playchess.com"]
[Source "ChessBase"]
[SourceQuality "1"]

{[%evp 13,90,26,27,33,29,37,52,43,59,49,108,95,135,131,214,206,193,118,118,40,75,0,170,0,0,0,-3,-134,-120,-284,-272,-533,-548,-521,-450,-418,-390,-487,-200,-187,-189,-189,-191,-192,-192,-199,-189,-216,-173,-275,-268,-328,-328,-275,-315,-321,-314,-300,-314,-294,-283,-328,-316,-328,-323,-314,-312,-300,-280,-479,-475,-475,-475,-5591,-1641,-11845,-12846,-5591,-5583]} 1. Nf3 Nf6 2. d4 d5 3. g3 c5 4. Bg2 Nc6 5. O-O Bg4 6. Ne5 cxd4 7. Nxg4 Nxg4 8. e3 {D02: 1 d4 d5 2 Nf3 sidelines, including 2...Nf6 3 g3 and 2...Nf6 3 Bf4.} h5 9. exd4 e6 10. c3 {[#] White is slightly better.} Be7 $146 ({Predecessor:} 10... Bd6 11. Qe2 Qe7 12. Re1 O-O-O 13. h3 Nf6 14. Bg5 Kb8 15. Nd2 Qc7 16. Nb3 Rdg8 {0-1 (76) Satosuo,R (2112)-Laine,E (1826) ICCF email 2008}) 11. Nd2 g5 (11... g6 $14) 12. Nb3 Qc7 13. h3 Nh6 (13... Nf6 $16) 14. Qxh5 $18 O-O-O 15. Qe2 (15. Bxg5 $18 Bxg5 16. Qxg5) 15... Nf5 16. Nd2 (16. Nc5 $16) 16... Rdg8 $14 17. Nf3 ({White should try} 17. Rd1 $16) 17... Bd6 $2 (17... g4 $11 {and Black stays safe.} 18. hxg4 Rxg4) 18. Re1 $2 (18. Bxg5 $18 Bxg3 19. fxg3 Nxg3 20. Qe3) 18... Bxg3 $11 19. fxg3 Nxg3 20. Qd3 (20. Qd1 $1 $11 {was the only way to keep the balance.}) 20... g4 $17 21. hxg4 $2 (21. Ng5 $17 {was the only chance.} gxh3 22. Nxh3) 21... Rxg4 $19 22. Ne5 $2 (22. Re2 {keeps fighting.} Nxe2+ 23. Qxe2) 22... Nxe5 23. Rxe5 Ne4 {[#] And now ...Rh1+! would win.} 24. Qf3 Rhg8 25. Bf4 {Hoping for Rxe4.} f6 ({Don't do} 25... Rxg2+ 26. Qxg2 Rxg2+ 27. Kxg2 $19) (25... f5 $142 {Strongly threatening ...Qg7.} 26. Rxe4 Rxg2+ 27. Qxg2 Rxg2+ 28. Kxg2 Qg7+ 29. Kf2 fxe4) 26. Rg5 Nxg5 27. Qxg4 {[#]} Qxf4 $1 {[%mdl 64] Deflection, Decoy} 28. Qxf4 Nh3+ $1 {[%mdl 64] Double Attack} 29. Kh2 Nxf4 {[%mdl 4096] Endgame KRB-KRN} 30. Bf3 e5 31. Rf1 (31. Rg1 $142 Rh8+ 32. Kg3) 31... Kd7 32. b3 Ke6 33. dxe5 fxe5 34. c4 e4 35. cxd5+ Kxd5 36. Bh1 Rh8+ 37. Kg3 Nd3 38. Bg2 Rh7 39. Rf8 Rg7+ 40. Kh2 {intending Rd8+.} Kd4 41. Re8 $2 (41. Rd8+ Ke3 42. Re8) 41... Ne5 {Black is clearly winning.} 42. Rd8+ Ke3 43. Re8 (43. Rc8 $142) 43... Nf3+ (43... Kf2 $142 44. Rf8+ Nf3+ 45. Bxf3 exf3) 44. Kh3 Kf2 {[%csl Gf2][%cal Rg7g3]} 45. Bxf3 exf3 {Black used his chance. Accuracy: White = 43%, Black = 66%.} 0-1

[Event "UZB-ch Women 2020"]
[Site "Tashkent"]
[Date "2020.03.15"]
[Round "5.5"]
[White "Gevorgyan, Irina"]
[Black "Khegay, Yuliya"]
[Result "1/2-1/2"]
[WhiteElo "2245"]
[BlackElo "1798"]
[Annotator "TA"]
[PlyCount "89"]
[EventDate "2020.03.11"]
[EventType "tourn"]
[EventCountry "UZB"]
[SourceTitle "playchess.com"]
[Source "ChessBase"]
[SourceQuality "1"]

{[%evp 9,89,46,60,36,45,40,53,33,35,0,0,0,13,16,48,25,31,35,47,33,41,32,35,7,7,22,47,31,35,20,19,20,17,-14,28,28,28,27,49,35,112,-15,32,12,0,-25,-13,-36,0,0,0,0,0,0,0,-74,-79,-99,-86,-132,-125,-118,-60,-62,-60,-68,-44,-66,-58,-61,-50,-59,-29,-29,0,0,0,-14,-14,-33,0,0]} 1. d4 d5 2. c4 dxc4 3. e4 Nf6 4. e5 Nd5 5. Bxc4 Nc6 6. Ne2 {D20: Queen's Gambit Accepted: 3 e3 and 3 e4.} Bg4 7. Nbc3 Nb6 8. Bb3 {White is slightly better.} e6 9. f3 Bf5 10. O-O h5 11. Be3 Nb4 12. Ne4 {[#]} Be7 $146 ({Predecessor:} 12... N4d5 13. Bf2 Be7 14. N4g3 Bg6 15. Nc3 Bg5 16. Nxd5 Nxd5 17. Re1 Bh4 18. Bc2 Bxc2 19. Qxc2 Bxg3 20. Bxg3 {½-½ (35) Soylemez,C (1879)-Ozturk,H (1653) Konya 2009}) 13. Qd2 Rc8 14. N2c3 O-O 15. Rad1 N4d5 16. Bg5 Bxg5 17. Nxg5 Qe7 18. Nge4 Rfd8 19. Qf2 a5 20. Nc5 {White wants to play Nxd5.} Rb8 21. Rfe1 Nb4 22. a3 N4d5 $1 23. Ne2 Nd7 24. Ne4 b5 (24... N7b6 $14) 25. h4 ({White should play} 25. Bxd5 $16 exd5 26. N4g3) 25... N7b6 (25... Bxe4 $5 26. fxe4 N5b6 $11) 26. Rc1 a4 27. Bxd5 Nxd5 28. N2c3 b4 29. Nxd5 Rxd5 30. Nc5 bxa3 31. bxa3 Rb3 $1 32. Nxb3 (32. Rc4 $11) 32... axb3 $17 33. Qb2 {[#]} Bc2 $1 34. Rxc2 bxc2 35. Qxc2 Qxh4 {[%mdl 4096] Endgame KQR-KQR} (35... Rxd4 $17 36. Re4 Rxe4 37. Qxe4 Qxa3) 36. Re4 $15 Qd8 37. Qc3 Qb8 38. Re1 Qa7 39. Re4 Qb6 40. Kh2 Qa5 41. Qc6 {[#] Hoping for Qe8+.} Rd8 42. a4 Ra8 43. Qd7 Qxa4 44. Qxc7 Qa7 45. Qxa7 {Accuracy: White = 80%, Black = 69%.} 1/2-1/2